[Event "2nd American Continental"]
[Site "Buenos Aires ARG"]
[Date "2003.08.25"]
[Round "7"]
[White "Delgado, Alberto"]
[Black "Varela, Daniel"]
[Result "1-0"]
[WhiteElo "2310"]
[BlackElo "2164"]
[EventDate "2003.08.17"]
[PlyCount "83"]

1.e4 e6 2.d4 d5 3.e5 c5 4.c3 Nc6 5.Nf3 Bd7 6.Bd3 cxd4 7.cxd4 Rc8 8.Nc3 
Nge7 9.h4 h6 10.h5 a6 11.Be3 Na5 12.O-O Nc4 13.Bc1 b5 14.Nh4 Qb6 15.Qg4 
Kd8 16.Ne2 Nc6 17.b3 N4a5 18.Bd2 Kc7 19.Kh1 Kb7 20.f4 Bb4 21.Be3 Be7 22.
Rac1 Ba3 23.Rcd1 Bf8 24.Qg3 Nb4 25.Bb1 Nc2 26.Bc1 b4 27.Rd2 Na3 28.Bxa3 
bxa3 29.f5 Be7 30.fxe6 Bxe6 31.Nf5 Bb4 32.Rdd1 Rhg8 33.Ne3 Nc6 34.Nf4 Ne7 
35.Bh7 Rgd8 36.Qxg7 Rc3 37.Nc2 Kb8 38.Nxe6 fxe6 39.Qxh6 a5 40.Qf6 Nc8 41.
Nxb4 axb4 42.h6 1-0

[Event "2nd American Continental"]
[Site "Buenos Aires ARG"]
[Date "2003.08.25"]
[Round "7"]
[White "Dorin, Mauricio"]
[Black "Spangenberg, Hugo"]
[Result "1-0"]
[WhiteElo "2395"]
[BlackElo "2495"]
[EventDate "2003.08.17"]
[PlyCount "149"]

1.e4 Nc6 2.d4 d5 3.e5 Bf5 4.c3 Qd7 5.Bd3 O-O-O 6.Ne2 f6 7.Bxf5 Qxf5 8.Ng3 
Qg6 9.f4 h5 10.Qf3 h4 11.Nf1 Nh6 12.Ne3 e6 13.exf6 gxf6 14.f5 exf5 15.O-O 
Ne7 16.b3 Rg8 17.Ba3 Kb8 18.Bxe7 Bxe7 19.Rf2 Bd6 20.h3 f4 21.Nxd5 Qf5 22.
Nxf4 Rg3 23.Qd5 Re8 24.Nd2 Rxc3 25.Nc4 Bxf4 26.Qxf5 Nxf5 27.Rxf4 Ng3 28.
Rxh4 b6 29.Kh2 f5 30.Ne5 Kb7 31.Nf3 Rg8 32.Rf4 Rc2 33.Ne1 Rd2 34.Rf3 Ne4 
35.Rxf5 Nc3 36.a3 Re8 37.Rc1 Ne4 38.Rf7 Rc8 39.Re7 Nd6 40.Nf3 Rd3 41.Rb1 
Rg8 42.Rc1 Rc8 43.Rb1 Rg8 44.Rb2 Nf5 45.Rf7 Ne3 46.a4 Rd1 47.g4 Rh8 48.g5 
Nf1+ 49.Kg2 Ne3+ 50.Kg3 Nf1+ 51.Kg4 Ne3+ 52.Kf4 Nd5+ 53.Ke5 Nb4 54.Rh2 Rf1
55.g6 Rg8 56.Rg2 Nc6+ 57.Ke4 Re8+ 58.Kd3 Nb4+ 59.Kd2 Rb1 60.Kc3 a5 61.Ne5 
Nd5+ 62.Kc2 Rh1 63.Rg3 Nb4+ 64.Kd2 Rh2+ 65.Ke3 Nc2+ 66.Ke4 Rd2 67.Rc3 Rc8 
68.Nf3 Rg2 69.g7 Nb4 70.h4 Re8+ 71.Ne5 Na6 72.h5 Re6 73.Rh3 Rh6 74.Kf3 Rg5
75.Ng6 1-0

[Event "2nd American Continental"]
[Site "Buenos Aires ARG"]
[Date "2003.08.25"]
[Round "7"]
[White "Duarte, Leonardo"]
[Black "Monier, Raul"]
[Result "1/2-1/2"]
[WhiteElo "2207"]
[BlackElo "2405"]
[EventDate "2003.08.17"]
[PlyCount "86"]

1.e4 e5 2.Nf3 Nc6 3.d4 exd4 4.Nxd4 Bc5 5.Nxc6 Qf6 6.Qd2 bxc6 7.Nc3 Ne7 8.
Na4 Bb6 9.Bd3 O-O 10.O-O d6 11.Rb1 Ng6 12.b3 Ne5 13.Nxb6 axb6 14.a4 Qe7 
15.Bb2 Nxd3 16.Qxd3 c5 17.Rfe1 f6 18.Rbd1 Re8 19.f3 Qf7 20.c4 Bb7 21.Qc3 
Re6 22.Ra1 Ra5 23.Qd2 Qd7 24.e5 fxe5 25.Rxe5 Rxe5 26.Bxe5 Ra8 27.Re1 Re8 
28.Bb2 Rxe1+ 29.Qxe1 d5 30.cxd5 Bxd5 31.b4 cxb4 32.Qxb4 Bc6 33.Ba3 h6 34.
a5 bxa5 35.Qxa5 Qd4+ 36.Kf1 Bd5 37.Qc5 Bc4+ 38.Ke1 Qc3+ 39.Kf2 Qd2+ 40.Kg3
Qe1+ 41.Qf2 Qe6 42.h3 Bd5 43.Qd4 c6 1/2-1/2

[Event "2nd American Continental"]
[Site "Buenos Aires ARG"]
[Date "2003.08.25"]
[Round "7"]
[White "Escobedo Tinajero, Alberto"]
[Black "Leon Hoyos, Manuel"]
[Result "1/2-1/2"]
[WhiteElo "2405"]
[BlackElo "2281"]
[EventDate "2003.08.17"]
[PlyCount "158"]

1.d4 Nf6 2.c4 c5 3.d5 b5 4.cxb5 a6 5.bxa6 g6 6.Nc3 Bxa6 7.e4 Bxf1 8.Kxf1 
d6 9.g3 Nbd7 10.Kg2 Bg7 11.Nf3 O-O 12.h3 Qa5 13.Bd2 Rfb8 14.b3 Qa3 15.Rc1 
Ne8 16.Rc2 Nc7 17.Qe2 Qa6 18.Re1 Ra7 19.Bg5 Qxe2 20.Rexe2 Kf8 21.Na4 Nb5 
22.Bc1 Ke8 23.Bb2 Bxb2 24.Rxb2 f6 25.Rbc2 Kd8 26.Rc1 Rba8 27.Ne1 Ra6 28.
Nd3 Nd4 29.Rd2 Ra5 30.Ndb2 Rb5 31.Nc4 Rb7 32.Nc3 Nb6 33.Ne3 Rba7 34.Rcd1 
Ra5 35.f4 Nb5 36.Nxb5 Rxb5 37.Rc1 Ra3 38.Kf2 Ke8 39.h4 Kf7 40.Rcc2 Rb4 41.
e5 fxe5 42.fxe5 Kg7 43.h5 Nd7 44.Nc4 Ra8 45.exd6 exd6 46.hxg6 Nf6 47.Kg2 
hxg6 48.Nxd6 Rd8 49.Nc4 Rxd5 50.Rxd5 Nxd5 51.Rd2 Nc3 52.Rd7+ Kh6 53.Ra7 
Rb8 54.Ne5 Kg5 55.Ra6 Re8 56.Nf3+ Kh6 57.Nh4 Re2+ 58.Kf3 Rxa2 59.Rxg6+ Kh7
60.Rc6 Ra3 61.Rxc5 Rxb3 62.Rc7+ Kh6 63.Rc6+ Kh7 64.Rc8 Nd5+ 65.Ke4 Nf6+ 
66.Kf5 Nh5 67.Rc7+ Kh6 68.Rc6+ Kh7 69.g4 Rb5+ 70.Ke6 Nf4+ 71.Kf6 Nd5+ 72.
Kf7 Rb7+ 73.Ke6 Ne7 74.Ra6 Ng8 75.g5 Ne7 76.Rd6 Kg7 77.Rd7 Rxd7 78.Kxd7 
Nf5 79.Nxf5+ Kg6 1/2-1/2

[Event "2nd American Continental"]
[Site "Buenos Aires ARG"]
[Date "2003.08.25"]
[Round "7"]
[White "Felgaer, Ruben"]
[Black "Charbonneau, Pascal"]
[Result "1/2-1/2"]
[WhiteElo "2551"]
[BlackElo "2442"]
[EventDate "2003.08.17"]
[PlyCount "78"]

1.e4 c5 2.Nf3 e6 3.d4 cxd4 4.Nxd4 a6 5.Nc3 Qc7 6.g3 Bb4 7.Ne2 Nf6 8.Bg2 
Nc6 9.Bf4 Qa5 10.a3 Be7 11.Bd6 O-O 12.O-O Bxd6 13.Qxd6 Ne8 14.Qd2 d6 15.
Rfd1 Qc7 16.h3 b5 17.Qe3 Bb7 18.Rd2 Nf6 19.Rad1 Rfd8 20.f4 Rac8 21.Kh2 h6 
22.Rd3 Na5 23.b3 Nc6 24.Qd2 Ne8 25.Qe3 b4 26.axb4 Nxb4 27.R3d2 Qc5 28.Qxc5
Rxc5 29.e5 d5 30.Na4 Rxc2 31.Rxc2 Nxc2 32.Nc5 Bc6 33.Rc1 Ne3 34.Nd4 Bb5 
35.Bf3 Nf5 36.Nxf5 exf5 37.Nb7 Rd7 38.Nc5 Rd8 39.Nb7 Rd7 1/2-1/2

[Event "2nd American Continental"]
[Site "Buenos Aires ARG"]
[Date "2003.08.25"]
[Round "7"]
[White "Filgueira, Hernan"]
[Black "Giardelli, Sergio Carlos"]
[Result "1/2-1/2"]
[WhiteElo "2376"]
[BlackElo "2437"]
[EventDate "2003.08.17"]
[PlyCount "22"]

1.d4 b6 2.c4 e6 3.Nc3 Bb7 4.a3 f5 5.d5 exd5 6.cxd5 Nf6 7.g3 g6 8.Bg2 Bg7 
9.Nh3 Na6 10.O-O Nc5 11.Be3 Nce4 1/2-1/2

[Event "2nd American Continental"]
[Site "Buenos Aires ARG"]
[Date "2003.08.25"]
[Round "7"]
[White "Fiori, Hector"]
[Black "Bibiloni, Jorge Jaime"]
[Result "1-0"]
[WhiteElo "2037"]
[BlackElo "2203"]
[EventDate "2003.08.17"]
[PlyCount "126"]

1.e4 c6 2.d4 d6 3.Nc3 Nd7 4.f4 e5 5.Nf3 exd4 6.Nxd4 Ngf6 7.a4 Nc5 8.Bd3 
Bg4 9.Nf3 d5 10.exd5 Nxd5 11.Nxd5 Qxd5 12.Qe2+ Be6 13.Ne5 Nxd3+ 14.Nxd3 
O-O-O 15.O-O Bd6 16.Be3 a6 17.b4 Bf5 18.b5 Qc4 19.bxc6 Qxc6 20.Ne5 Bxe5 
21.fxe5 Be6 22.c3 Qe4 23.Qf2 Rd3 24.Bd4 Re8 25.Rfe1 Qc6 26.Reb1 Qe4 27.Re1
Qg6 28.Re3 Bd5 29.Rxd3 Qxd3 30.Rf1 g6 31.Qb2 Qe4 32.Qd2 h5 33.Re1 Qg4 34.
h3 Qe6 35.Rf1 Qc6 36.Qc2 Rd8 37.Rf2 Bc4 38.Rf6 Be6 39.Rf2 Rd5 40.Qb2 Qxa4 
41.Qb6 Qd7 42.Qa7 Qc6 43.Bb6 Kd7 44.Bd4 Rb5 45.Kh2 Qe4 46.Qb8 Qc6 47.Rd2 
Rd5 48.Rb2 h4 49.Bb6 Qc8 50.Qa7 Ke8 51.Bd4 Rd7 52.Qb6 Bd5 53.Qf6 Qc6 54.
Qg7 Re7 55.Rf2 Kd7 56.Qh6 a5 57.Qf8 a4 58.Qb8 Bc4 59.Rd2 Ke6 60.Rf2 Kd7 
61.Rd2 Bd5 62.Bf2 Re8 63.Qa7 Ke6 1-0

[Event "2nd American Continental"]
[Site "Buenos Aires ARG"]
[Date "2003.08.25"]
[Round "7"]
[White "Garcia, Gildardo"]
[Black "Llanos, Guillermo"]
[Result "1-0"]
[WhiteElo "2473"]
[BlackElo "2398"]
[EventDate "2003.08.17"]
[PlyCount "85"]

1.e4 c5 2.Nf3 Nc6 3.Bb5 Nd4 4.Nxd4 cxd4 5.c3 Qb6 6.Qa4 Nf6 7.e5 Nd5 8.O-O 
e6 9.cxd4 a6 10.Be2 Nb4 11.d5 Nxd5 12.d4 Be7 13.Bf3 Qb4 14.Qd1 b6 15.Nc3 
Bb7 16.Nxd5 Bxd5 17.Bxd5 exd5 18.Qg4 g6 19.Bh6 Bf8 20.Bxf8 Rxf8 21.Rac1 
Qe7 22.Rc7 f5 23.Qh3 h5 24.Qb3 Qe6 25.Rb7 b5 26.Rc1 Kf7 27.Rcc7 Rfd8 28.h4
Rac8 29.Qc3 Rxc7 30.Qxc7 Qe7 31.Rb6 Kg7 32.Re6 Qxh4 33.Rf6 Qg5 34.g3 Rh8 
35.Qxd7+ Kh6 36.Rc6 h4 37.Rc7 Kh5 38.Qxd5 Rh6 39.Rc3 hxg3 40.Rxg3 Qc1+ 41.
Kh2 Qf1 42.Qf3+ Kh4 43.Rg1 1-0

[Event "2nd American Continental"]
[Site "Buenos Aires ARG"]
[Date "2003.08.25"]
[Round "7"]
[White "Giampa, Alejandro"]
[Black "Lanza, Diego"]
[Result "1-0"]
[WhiteElo "2271"]
[BlackElo "2067"]
[EventDate "2003.08.17"]
[PlyCount "44"]

1.Nf3 g6 2.g3 Nf6 3.Bg2 Bg7 4.d4 O-O 5.O-O d6 6.b3 e6 7.Bb2 b5 8.Nbd2 Nfd7
9.e4 Qe7 10.c4 Bb7 11.Qc2 b4 12.Rac1 e5 13.c5 dxc5 14.dxe5 Re8 15.Nc4 Ba6 
16.Rfd1 Bxc4 17.Qxc4 Bh6 18.Rc2 a5 19.Bh3 Bg7 20.Rcd2 Nxe5 21.Bxe5 Bxe5 
22.Nxe5 Qxe5 1-0

[Event "2nd American Continental"]
[Site "Buenos Aires ARG"]
[Date "2003.08.25"]
[Round "7"]
[White "Gonzalez Garcia, Jose"]
[Black "Mahia, Gustavo"]
[Result "1-0"]
[WhiteElo "2429"]
[BlackElo "2377"]
[EventDate "2003.08.17"]
[PlyCount "113"]

1.e4 c5 2.Nf3 e6 3.d4 cxd4 4.Nxd4 a6 5.Nc3 Qc7 6.Bd3 Nf6 7.f4 d6 8.O-O Be7
9.Kh1 O-O 10.Qe1 Nbd7 11.Nf3 Nc5 12.e5 Nxd3 13.cxd3 Ne8 14.Be3 Bd7 15.Rc1 
Bc6 16.Ne4 Rc8 17.Bd4 Qd8 18.Qe3 f6 19.exf6 gxf6 20.Ng3 Ng7 21.Bc3 Bd5 22.
f5 e5 23.a3 Bxf3 24.Qxf3 d5 25.Bd2 Rxc1 26.Rxc1 Rf7 27.Bh6 Bf8 28.h3 Rd7 
29.Qg4 Kh8 30.Qh4 Rf7 31.Be3 Qd7 32.Qg4 Be7 33.Bh6 Bf8 34.Rc3 Ne8 35.Qh5 
Nd6 36.Bxf8 Rxf8 37.Rc5 d4 38.Qh6 Qg7 39.Qxg7+ Kxg7 40.Rd5 Rd8 41.Ne4 Nf7 
42.Rc5 Rd7 43.g4 h5 44.Kg2 hxg4 45.hxg4 Nd8 46.Rc8 Nf7 47.Rg8+ Kxg8 48.
Nxf6+ Kg7 49.Nxd7 Kh6 50.Kg3 Kg5 51.Nc5 Nd6 52.Kf3 Kh4 53.f6 Nf7 54.Ke4 
Kxg4 55.Nd7 Kg5 56.Nxe5 Nd6+ 57.Kd5 1-0

[Event "2nd American Continental"]
[Site "Buenos Aires ARG"]
[Date "2003.08.25"]
[Round "7"]
[White "Hernandez Lagos, Hector"]
[Black "Leeuw, Pablo Gabriel"]
[Result "0-1"]
[WhiteElo "2200"]
[BlackElo "2110"]
[EventDate "2003.08.17"]
[PlyCount "59"]

1.c4 f5 2.g3 Nf6 3.Nf3 e6 4.Bg2 Be7 5.O-O O-O 6.b3 d5 7.Bb2 c6 8.d4 Nbd7 
9.Nc3 Bd6 10.e3 Ne4 11.Nd2 Qg5 12.Nf3 Qh6 13.Nxe4 fxe4 14.Ne5 Rf5 15.Nxd7 
Bxd7 16.f4 exf3 17.Rxf3 Raf8 18.Qe2 Be8 19.Rxf5 Rxf5 20.Rf1 Bh5 21.Bf3 
Rxf3 22.Rxf3 Qg6 23.Kf2 Qb1 24.c5 Be7 25.Ba3 Bg5 26.Rf8+ Kxf8 27.Qxh5 
Qxa2+ 28.Kf3 h6 29.h4 Qd2 30.hxg5 0-1

[Event "2nd American Continental"]
[Site "Buenos Aires ARG"]
[Date "2003.08.25"]
[Round "7"]
[White "Huertas Soris, Ramon"]
[Black "Daneri, Martin"]
[Result "1-0"]
[WhiteElo "2288"]
[BlackElo "2175"]
[EventDate "2003.08.17"]
[PlyCount "73"]

1.e4 c5 2.Ne2 e6 3.Nbc3 a6 4.g3 b5 5.a3 Bb7 6.Bg2 Nf6 7.O-O d6 8.h3 Be7 9.
d3 O-O 10.g4 Nc6 11.Ng3 b4 12.axb4 cxb4 13.Na4 d5 14.g5 Ne8 15.exd5 exd5 
16.h4 g6 17.d4 f6 18.Nc5 Bc8 19.c4 bxc3 20.bxc3 fxg5 21.hxg5 Bxg5 22.Bxg5 
Qxg5 23.c4 Nc7 24.cxd5 Nxd5 25.Qb3 Rd8 26.f4 Nxd4 27.fxg5 Nxb3 28.Nxb3 Rb8
29.Rfd1 Be6 30.Nc5 Bf7 31.Nxa6 Rb2 32.Bh1 Rb3 33.Ne4 Kg7 34.Nac5 Rbb8 35.
Ra7 Nf4 36.Rf1 Ne2+ 37.Kh2 1-0

[Event "2nd American Continental"]
[Site "Buenos Aires ARG"]
[Date "2003.08.25"]
[Round "7"]
[White "Ivanov, Alexander"]
[Black "Frey Perez, Hugo"]
[Result "1-0"]
[WhiteElo "2538"]
[BlackElo "2342"]
[EventDate "2003.08.17"]
[PlyCount "39"]

1.e4 e5 2.Nf3 Nc6 3.Bb5 a6 4.Ba4 Nf6 5.O-O Be7 6.Re1 b5 7.Bb3 d6 8.c3 O-O 
9.d4 Bg4 10.Be3 Na5 11.dxe5 Bxf3 12.Qxf3 dxe5 13.Bc2 Qc8 14.h3 Re8 15.Nd2 
Nb7 16.Nf1 Nc5 17.Ng3 Ne6 18.Nf5 Bc5 19.Nxg7 Kxg7 20.Bh6+ 1-0

[Event "2nd American Continental"]
[Site "Buenos Aires ARG"]
[Date "2003.08.25"]
[Round "7"]
[White "Jorge, Cristian"]
[Black "Morgado, Juan Sebastian"]
[Result "0-1"]
[WhiteElo "2148"]
[BlackElo "2275"]
[EventDate "2003.08.17"]
[PlyCount "112"]

1.e4 c6 2.Nc3 d5 3.Nf3 Bg4 4.h3 Bh5 5.exd5 cxd5 6.d4 Nc6 7.Be3 e6 8.a3 Nf6
9.Be2 Bd6 10.O-O Rc8 11.Re1 O-O 12.Nd2 Bg6 13.Nf3 Bb8 14.Bb5 Ne4 15.Nxe4 
Bxe4 16.Ng5 Bg6 17.c3 a6 18.Bxc6 Rxc6 19.f4 f6 20.Nf3 Qd6 21.Qe2 Rcc8 22.
Rad1 Rce8 23.g4 Kh8 24.Qf2 Qb6 25.Rd2 Be4 26.Nh4 Qc7 27.Rf1 Qd7 28.Ng2 Qd6
29.Ne1 Qc7 30.Qh4 b6 31.Qf2 Rf7 32.Nd3 Ref8 33.Nc1 a5 34.Ne2 b5 35.Ng3 f5 
36.g5 g6 37.h4 h5 38.Qe2 Qd7 39.Rdd1 Kg7 40.Qd2 Bd6 41.Ne2 Qb7 42.b4 axb4 
43.axb4 Ra8 44.Ra1 Rff8 45.Qb2 Ra4 46.Kf2 Rfa8 47.Rxa4 bxa4 48.Qa3 Qb5 49.
Rc1 Qc4 50.Ng1 Qd3 51.Ne2 Kf7 52.Ng1 Bh1 53.Ne2 Qe4 54.Bd2 Qf3+ 55.Ke1 Bg2
56.Ra1 Qf1# 0-1

[Event "2nd American Continental"]
[Site "Buenos Aires ARG"]
[Date "2003.08.25"]
[Round "7"]
[White "Julia, Ernesto"]
[Black "Demaria, Juan Pablo"]
[Result "1-0"]
[WhiteElo "2387"]
[BlackElo "2242"]
[EventDate "2003.08.17"]
[PlyCount "107"]

1.Nf3 c5 2.g3 Nc6 3.Bg2 g6 4.O-O Bg7 5.c4 Nh6 6.Nc3 O-O 7.b3 Nf5 8.Bb2 e6 
9.e4 Nfd4 10.d3 f5 11.Nxd4 Bxd4 12.exf5 gxf5 13.Qd2 Qf6 14.Rab1 d6 15.Nb5 
Bxb2 16.Qxb2 Qxb2 17.Rxb2 Rd8 18.Re1 Kf7 19.Rbe2 Nd4 20.Nxd4 cxd4 21.h3 
Rb8 22.f4 b6 23.Bf3 Rg8 24.Kf2 Rf8 25.g4 Ke7 26.Kg3 Bd7 27.Bd5 fxg4 28.
hxg4 e5 29.fxe5 dxe5 30.Rxe5+ Kd6 31.Rh5 Rh8 32.Rh6+ Kc7 33.Re7 Rbe8 34.
Rxe8 Rxe8 35.Be4 Rg8 36.Kf4 Rxg4+ 37.Ke5 Rg5+ 38.Kxd4 Ra5 39.Rxh7 Kd6 40.
Rh6+ Kc7 41.Rh2 Rg5 42.b4 a5 43.a3 Rg1 44.Rh7 Kd8 45.bxa5 bxa5 46.Rh5 a4 
47.Kc5 Rb1 48.Rh8+ Kc7 49.Rh7 Kd8 50.d4 Rb3 51.Bc6 Bxc6 52.Kxc6 Rxa3 53.d5
Rd3 54.d6 1-0

[Event "2nd American Continental"]
[Site "Buenos Aires ARG"]
[Date "2003.08.25"]
[Round "7"]
[White "Labollita, Martin"]
[Black "Estrada Nieto, Julian"]
[Result "1/2-1/2"]
[WhiteElo "2454"]
[BlackElo "2332"]
[EventDate "2003.08.17"]
[PlyCount "88"]

1.Nf3 d5 2.b3 Nf6 3.Bb2 Bg4 4.e3 Nbd7 5.c4 e6 6.Be2 Be7 7.O-O O-O 8.Nc3 c6
9.Nd4 Bxe2 10.Ncxe2 Re8 11.f4 Bf8 12.Ng3 a5 13.a3 a4 14.cxd5 exd5 15.b4 
Nb6 16.Bc3 Nc4 17.Qf3 Rc8 18.Kh1 b6 19.Rfe1 c5 20.Ndf5 d4 21.exd4 cxb4 22.
Rxe8 Nxe8 23.axb4 g6 24.Ne3 Nxe3 25.Qxe3 b5 26.Ne4 Nd6 27.d5 Nxe4 28.Qxe4 
Bg7 29.h3 Bxc3 30.dxc3 Rxc3 31.Rd1 Qa8 32.Rd2 a3 33.Ra2 Rc1+ 34.Kh2 Rd1 
35.Qe3 Qxd5 36.Rxa3 Rd2 37.Qe8+ Kg7 38.Rg3 Rd1 39.Rg5 f5 40.Qe7+ Kg8 41.
Rg3 Qd4 42.Qe8+ Kg7 43.Qe7+ Kg8 44.Qe8+ Kg7 1/2-1/2

[Event "2nd American Continental"]
[Site "Buenos Aires ARG"]
[Date "2003.08.25"]
[Round "7"]
[White "Liascovich, Lucas"]
[Black "Luconi, Cristian"]
[Result "1-0"]
[WhiteElo "2310"]
[BlackElo "2115"]
[EventDate "2003.08.17"]
[PlyCount "81"]

1.d4 d5 2.c4 Bf5 3.cxd5 Bxb1 4.Qa4+ c6 5.dxc6 Nxc6 6.Rxb1 e5 7.Nf3 Bb4+ 8.
Bd2 Bxd2+ 9.Nxd2 Qxd4 10.Qxd4 Nxd4 11.e3 Nc6 12.Ne4 O-O-O 13.Bc4 f6 14.Ke2
Nh6 15.b4 b6 16.Rhc1 Kb8 17.a4 Ne7 18.a5 Nhf5 19.axb6 axb6 20.Be6 Nd6 21.
Nc5 bxc5 22.bxc5+ Nb7 23.c6 Nxc6 24.Rxc6 Rhe8 25.Rcb6 Re7 26.Bf5 h6 27.Be4
Rdd7 28.g4 Ka7 29.h4 Nc5 30.R6b5 Nb7 31.h5 Rc7 32.Kf3 Nc5 33.Ra5+ Na6 34.
Rba1 Re6 35.Bd3 e4+ 36.Bxe4 Rc3 37.R1a4 Rd6 38.Bd5 Kb8 39.Rxa6 Rxd5 40.
Rb4+ Kc7 41.Ra7+ 1-0

[Event "2nd American Continental"]
[Site "Buenos Aires ARG"]
[Date "2003.08.25"]
[Round "7"]
[White "Lugo, Blas"]
[Black "Sosa Harrison, Jorge"]
[Result "1-0"]
[WhiteElo "2416"]
[BlackElo "2294"]
[EventDate "2003.08.17"]
[PlyCount "91"]

1.e4 c5 2.Nf3 d6 3.d4 cxd4 4.Nxd4 Nf6 5.Nc3 Nc6 6.Be3 Ng4 7.Bg5 h6 8.Bh4 
g5 9.Bg3 Bg7 10.Nb3 h5 11.h4 gxh4 12.Bxh4 Bf6 13.Bxf6 Nxf6 14.Nd5 e6 15.
Nc3 d5 16.exd5 exd5 17.Bb5 Qe7+ 18.Kf1 Be6 19.Na5 Rc8 20.Qd4 Rh6 21.Qxa7 
Kf8 22.Nxc6 bxc6 23.Qxe7+ Kxe7 24.Bd3 c5 25.b3 h4 26.Re1 Kd6 27.Rd1 Rch8 
28.f3 Kc6 29.Kf2 Rh5 30.Bb5+ Kb6 31.Bd3 Ra8 32.a4 Ka5 33.Nb5 Rg8 34.Rhe1 
Rhg5 35.Bf1 Rf5 36.c3 Ne4+ 37.Ke3 Ng5 38.Bd3 Rf6 39.Rb1 h3 40.b4+ Kb6 41.
a5+ Kc6 42.bxc5 hxg2 43.Nd4+ Kxc5 44.Rb6 Rxf3+ 45.Ke2 Bd7 46.Nb3# 1-0

[Event "2nd American Continental"]
[Site "Buenos Aires ARG"]
[Date "2003.08.25"]
[Round "7"]
[White "Marcolino, Antonio Claudio"]
[Black "Santos, Francisco Jose dos"]
[Result "0-1"]
[WhiteElo "2122"]
[BlackElo "2193"]
[EventDate "2003.08.17"]
[PlyCount "100"]

1.d4 Nf6 2.c4 c5 3.d5 b5 4.cxb5 a6 5.b6 Qxb6 6.Nc3 d6 7.e4 Nbd7 8.Nf3 g6 
9.Be2 Bg7 10.Nd2 O-O 11.Nc4 Qc7 12.Bf4 Ne5 13.Nxe5 dxe5 14.Bg5 Ne8 15.O-O 
Nd6 16.a4 Rb8 17.Qd2 Rb4 18.f3 f5 19.Bd3 Rd4 20.Qe2 c4 21.Bb1 f4 22.Bh4 h6
23.Rc1 g5 24.Bf2 Qb8 25.Nd1 Bd7 26.Bxd4 exd4 27.Qd2 Be5 28.Ra3 Rc8 29.Qa5 
Qa7 30.Kh1 Kf7 31.Ba2 Rc5 32.Qd2 a5 33.Qf2 Qb6 34.Bb1 Qb4 35.Ra2 Bxa4 36.
Bc2 Bxc2 37.Rxc2 d3 38.Rd2 Nb5 39.h3 Bd4 40.Qe1 e5 41.dxe6+ Kxe6 42.Nf2 
Be3 43.Nxd3 cxd3 44.Rd1 Qxe1+ 45.Rxe1 d2 46.Rd1 Rc1 47.Ra1 Nd4 48.Rb1 Nb3 
49.g3 Rxb1 50.Rxb1 Nc1 0-1

[Event "2nd American Continental"]
[Site "Buenos Aires ARG"]
[Date "2003.08.25"]
[Round "7"]
[White "Milos, Gilberto"]
[Black "Lafuente, Pablo"]
[Result "1-0"]
[WhiteElo "2592"]
[BlackElo "2431"]
[EventDate "2003.08.17"]
[PlyCount "103"]

1.e4 c5 2.Nf3 d6 3.d4 cxd4 4.Nxd4 Nf6 5.Nc3 a6 6.Be2 e5 7.Nb3 Be7 8.Be3 
Be6 9.Nd5 Nxd5 10.exd5 Bf5 11.Qd2 O-O 12.O-O Bg6 13.a4 a5 14.Bb5 Nd7 15.
Rad1 Rc8 16.c3 Qc7 17.Nxa5 Nc5 18.Bxc5 Qxc5 19.b4 Qc7 20.c4 Rcd8 21.Qe3 
Ra8 22.Rfe1 h6 23.f3 Bc2 24.Ra1 Rxa5 25.bxa5 Qxa5 26.Kh1 Rc8 27.Qf2 Bf5 
28.f4 e4 29.Qe2 Bh4 30.g3 Bf6 31.Rad1 Bc3 32.Rg1 e3 33.Qxe3 Bc2 34.Rdf1 
Bd2 35.Qe2 Qc3 36.Rg2 Bd3 37.Qxd2 Qxd2 38.Rxd2 Bxf1 39.Kg1 Bh3 40.Re2 Kf8 
41.Kf2 h5 42.Ke3 f6 43.Kd4 Kf7 44.Kc3 h4 45.Kb4 hxg3 46.hxg3 Rc5 47.Rh2 
Bc8 48.Ka5 g5 49.fxg5 fxg5 50.Kb6 Kg6 51.Rh8 Kf5 52.Rxc8 1-0

[Event "2nd American Continental"]
[Site "Buenos Aires ARG"]
[Date "2003.08.25"]
[Round "7"]
[White "Needleman, Alejandro"]
[Black "Lujan, Carolina"]
[Result "0-1"]
[WhiteElo "2434"]
[BlackElo "2263"]
[EventDate "2003.08.17"]
[PlyCount "100"]

1.c4 Nf6 2.Nc3 d5 3.cxd5 Nxd5 4.g3 g6 5.Qb3 Nb6 6.Bg2 Bg7 7.Nf3 O-O 8.O-O 
Nc6 9.d3 h6 10.Be3 e5 11.Rfc1 Be6 12.Qa3 Nd5 13.Nxd5 Bxd5 14.Rc5 Re8 15.
Qa4 Ne7 16.Rac1 c6 17.b4 Nf5 18.b5 Nxe3 19.fxe3 e4 20.Nd4 Qg5 21.Nc2 b6 
22.Rxc6 Bxc6 23.bxc6 exd3 24.exd3 Rxe3 25.Qf4 Rxd3 26.Qxg5 hxg5 27.Nb4 Rc3
28.Rxc3 Bxc3 29.c7 Rc8 30.Na6 Be5 31.Bb7 Rxc7 32.Nxc7 Bxc7 33.g4 Kf8 34.h3
Ke7 35.Kf2 Kd6 36.Ke3 Ke5 37.Ba6 Bd6 38.Bc4 Bc5+ 39.Kd3 f5 40.Bf7 f4 41.
Bxg6 f3 42.Kd2 Kf4 43.Ke1 Kg3 44.Kf1 Kxh3 45.Bf5 Kg3 46.Bc8 Kf4 47.Bd7 Ke3
48.Bc6 f2 49.a4 Kd2 50.Bb5 Kc3 0-1

[Event "2nd American Continental"]
[Site "Buenos Aires ARG"]
[Date "2003.08.25"]
[Round "7"]
[White "Nogueiras Santiago, Jesus"]
[Black "Cordero, Alfredo"]
[Result "1-0"]
[WhiteElo "2521"]
[BlackElo "2323"]
[EventDate "2003.08.17"]
[PlyCount "57"]

1.Nf3 Nf6 2.c4 d6 3.d4 Nbd7 4.Nc3 e5 5.Bg5 Be7 6.e3 O-O 7.Qc2 c6 8.O-O-O 
Qc7 9.Bd3 Re8 10.h3 Nf8 11.g4 Be6 12.dxe5 dxe5 13.Bxf6 Bxf6 14.Ne4 Be7 15.
Qc3 f6 16.Nh4 Kh8 17.Nf5 Bxf5 18.gxf5 a5 19.Rhg1 Nd7 20.c5 a4 21.Qc4 Rf8 
22.Bc2 Rad8 23.Nd6 Bxd6 24.cxd6 Qb8 25.Qg4 Rg8 26.Bxa4 Nc5 27.Bc2 g6 28.
Qc4 b6 29.fxg6 1-0

[Event "2nd American Continental"]
[Site "Buenos Aires ARG"]
[Date "2003.08.25"]
[Round "7"]
[White "Ojeda, Hernan"]
[Black "Manzone, Alessandro jr"]
[Result "1-0"]
[WhiteElo "2226"]
[BlackElo "2119"]
[EventDate "2003.08.17"]
[PlyCount "69"]

1.Nf3 Nf6 2.g3 c5 3.Bg2 Nc6 4.O-O g6 5.d3 Bg7 6.e4 d5 7.Nbd2 O-O 8.Nh4 e5 
9.c3 Be6 10.Qe2 Re8 11.Re1 Qc7 12.Nf1 d4 13.c4 Nh5 14.Nf5 Nf4 15.gxf4 gxf5
16.Qh5 Qd7 17.Ng3 exf4 18.Bxf4 f6 19.exf5 Bf7 20.Qh3 Rxe1+ 21.Rxe1 Re8 22.
Ne4 b6 23.Rd1 Kh8 24.Qh4 Qe7 25.Nd6 Ne5 26.Nxe8 Qxe8 27.Bxe5 Qxe5 28.Be4 
Qe8 29.Re1 b5 30.b3 bxc4 31.bxc4 Qd8 32.Rb1 Be8 33.Rb7 Qc8 34.Qg3 Bf8 35.
Bd5 1-0

[Event "2nd American Continental"]
[Site "Buenos Aires ARG"]
[Date "2003.08.25"]
[Round "7"]
[White "Plazaola, Maria De los Angeles"]
[Black "Toloza Soto, Pablo"]
[Result "1-0"]
[WhiteElo "2047"]
[BlackElo "2374"]
[EventDate "2003.08.17"]
[PlyCount "95"]

1.e4 c5 2.Nf3 d6 3.d4 cxd4 4.Nxd4 Nf6 5.Nc3 a6 6.Be3 e5 7.Nb3 Be6 8.f3 
Nbd7 9.g4 Nb6 10.Qd2 Rc8 11.O-O-O Qc7 12.Kb1 Be7 13.h4 Nc4 14.Bxc4 Qxc4 
15.Rh2 O-O 16.h5 Nd7 17.g5 f5 18.g6 f4 19.gxh7+ Kxh7 20.Bf2 Nf6 21.Bh4 Bf7
22.Qe2 Rg8 23.Rg1 Kh8 24.Qf2 Qe6 25.Rg6 Rxc3 26.bxc3 Rc8 27.Qg1 Bxg6 28.
Qxg6 Kg8 29.h6 Qf7 30.h7+ Nxh7 31.Qxf7+ Kxf7 32.Bxe7 Kxe7 33.Rxh7 Rxc3 34.
Nd2 Kf6 35.Rh8 Re3 36.Rb8 Re2 37.Nc4 Rf2 38.Rxb7 Rxf3 39.Rb6 Rc3 40.Nxd6 
f3 41.Nc4+ Kg5 42.Nd2 f2 43.Rb7 Kg6 44.Rb3 Rxb3+ 45.axb3 Kg5 46.c4 Kf4 47.
c5 Ke3 48.Kc2 1-0

[Event "2nd American Continental"]
[Site "Buenos Aires ARG"]
[Date "2003.08.25"]
[Round "7"]
[White "Ramirez Alvarez, Alejandro"]
[Black "Vescovi, Giovanni"]
[Result "0-1"]
[WhiteElo "2450"]
[BlackElo "2618"]
[EventDate "2003.08.17"]
[PlyCount "116"]

1.d4 Nf6 2.c4 e6 3.Nc3 Bb4 4.Qc2 O-O 5.e4 d5 6.e5 Ne4 7.Bd3 c5 8.cxd5 exd5
9.Ne2 Nc6 10.O-O cxd4 11.Nxd5 Qxd5 12.Bxe4 Qxe5 13.Bxh7+ Kh8 14.Be4 Re8 
15.Ng3 Be6 16.Bd2 Bd5 17.Rfe1 Bxd2 18.Qxd2 Bxe4 19.Rxe4 Qd5 20.Rh4+ Kg8 
21.Nh5 Re4 22.Rh3 Rae8 23.Rf1 Rg4 24.f3 Rg5 25.Ng3 Rg6 26.b3 Qg5 27.f4 Qa5
28.Qf2 Rd6 29.Rh5 Rd5 30.Qf3 Rxh5 31.Nxh5 Qf5 32.Ng3 Qe6 33.Rd1 Qg6 34.Qd3
Qf6 35.Qf5 Qe7 36.Qd3 Qc5 37.Ne4 Qh5 38.Ng3 Qg4 39.Rf1 Re3 40.Qb5 Qd7 41.
Qf5 Re6 42.Ne4 d3 43.Ng5 g6 44.Qh3 Qd4+ 45.Kh1 Re7 46.Qh7+ Kf8 47.f5 Qf6 
48.Qh6+ Ke8 49.h3 d2 50.Nf3 Nd4 51.Qxd2 Nxf5 52.Rc1 Kf8 53.Qd8+ Kg7 54.Rc8
Kh6 55.Qd2+ Kh7 56.Qg5 Re1+ 57.Kh2 Qd6+ 58.g3 Re2+ 0-1